| 000 | 00810nam a2200253Ia 4500 | ||
|---|---|---|---|
| 003 | OSt | ||
| 005 | 20220925225224.0 | ||
| 006 | a|||||r|||| 00| 0 | ||
| 007 | ta | ||
| 008 | 220923b |||||||| |||| 00| 0 eng d | ||
| 020 |
_a978041577427 _c5737.8999999999996 |
||
| 037 |
_b547, 19/03/2008, PIONEER BOOK DISTRIBUTORS _cGeneral Book |
||
| 040 |
_aRTL _cRTL _beng |
||
| 041 |
_2eng _aeng |
||
| 082 | _aX:57oa991, P8 | ||
| 100 |
_aBOWLES Paul _995637 |
||
| 245 | 0 |
_aNational currencies and globalization _b Endangered species |
|
| 260 |
_aLondon _bRoutlege _c2008 |
||
| 300 |
_axv,207p _ccm. |
||
| 500 | _aBibliography P187-202 | ||
| 650 | _aEconomics | ||
| 942 |
_hX:57oa991, P8 _cGB _2CC |
||
| 999 |
_c583118 _d583118 |
||